LEADER 00981nam0-22003131i-450- 001 990002113930403321 005 20080125111842.0 010 $a88-238-0548-1 035 $a000211393 035 $aFED01000211393 035 $a(Aleph)000211393FED01 035 $a000211393 100 $a20030910d1999----km-y0itay50------ba 101 0 $aita 102 $aIT 200 1 $aServizi alle imprese e vantaggio competitivo$einformazione, conoscenza e aspetti relazionali nella gestione diimpresa$fAndrea Ordanini 210 $aMilano$cEGEA$d1999 215 $a302 p.$d24 cm 225 1 $aBiblioteca dell'economia d'azienda$v55 610 0 $aImprese - Gestione 610 0 $aMarketing - Pubblicita 700 1$aOrdanini,$bAndrea$f<1969- >$089521 801 0$aIT$bUNINA$gRICA$2UNIMARC 901 $aBK 912 $a990002113930403321 952 $a62 658.15 ORD$bDepa 8836$fDAGEA 959 $aDAGEA 996 $aServizi alle imprese e vantaggio competitivo$9394802 997 $aUNINA LEADER 01086nam 2200349z 450 001 9910793471603321 005 20230124225030.0 010 $a0-522-86972-6 035 $a(CKB)4100000007758692 035 $a(MiAaPQ)EBC5683195 035 $a(EXLCZ)994100000007758692 100 $a20190317d2015 uy 0 101 0 $aeng 181 $ctxt$2rdacontent 182 $cc$2rdamedia 183 $acr$2rdacarrier 200 10$aBattleground $ewhy the Liberal Party shirtfronted Tony Abbott /$fWayne Errington, Peter Van Onselen 210 $aCarlton, Vic.$cMelbourne University Press Digital$d2015 215 $a1 online resource 300 $aIncludes index. 311 0 $a0-522-86971-8 606 $aPrime ministers$zAustralia 606 $aPolitics, Practical$zAustralia 607 $aAustralia$xPolitics and government$y2013- 615 0$aPrime ministers 615 0$aPolitics, Practical 700 $aErrington$b Wayne$01578119 702 $aVan Onselen$b Peter 906 $aBOOK 912 $a9910793471603321 996 $aBattleground$93857264 997 $aUNINA